| 000 | 01100cam a2200277 4500 | ||
|---|---|---|---|
| 008 | 090401t1991 xxu||||| |||| 00| 0 eng d | ||
| 020 | _a0851254489 | ||
| 020 | _a1860810756 | ||
| 035 | _a(Sirsi) u25956 | ||
| 041 | _aeng | ||
| 050 | _a621.362 | ||
| 100 | _aHart, J.M. | ||
| 245 | 2 | _aA practical guide to infra-red thermography for building surveys. | |
| 260 |
_aGarston,Watford _bBuilding Research Establishment _c1991 |
||
| 300 | _av,92p. : ill. ; 30cm. | ||
| 350 | _a35 | ||
| 490 |
_aBRE Building Renewal _v176 |
||
| 490 |
_aBuilding _v176 Research Establishment Report |
||
| 520 | _aGuidance on the use of infra-red thermography to investigate the thermal properties and hidden constructional details of building envelopes. Includes information on interpretation, thermal analysis and interference. Copy 30062120 is a 1996 reprint. | ||
| 650 | _aBUILT ENVIRONMENT-BUILDING SURVEYING-STRUCTURAL SURVEYING | ||
| 650 | _aTHERMOGRAPHIC IMAGING | ||
| 690 | _aBUILT ENVIRONMENT-BUILDING INSPECTION | ||
| 710 | _aBuilding Research Establishment | ||
| 942 | _n0 | ||
| 948 | _c04/03/1997 | ||
| 999 |
_c88844 _d88844 |
||